| 000 | 00840nam a2200229 a 4500 | ||
|---|---|---|---|
| 001 | 000006080 | ||
| 005 | 20240412074203.0 | ||
| 008 | 090826s200u xx 000 j spa d | ||
| 040 |
_aDO-SdBNP _bspa _cBNPHU |
||
| 082 |
_aRD863.44 _bL579c |
||
| 100 | 1 |
_aLeón Concepción, Dionisio de, _d1967- _917119 |
|
| 245 | 1 | 4 |
_aLos cuentos de mi abuelo / _cDionisio de León Concepción ; prólogo Magdalena Hichez. |
| 260 |
_a[s.l. : _bs.n., _c[200-?]. |
||
| 300 |
_a75 p. ; _c21 cm. |
||
| 500 | _aIncluye datos biográficos del autor en la contracubierta | ||
| 590 | _aLa biblioteca posee 2 ejemplares autográfiados por el autor | ||
| 590 | _aInventariado, 2019/BT | ||
| 650 | 0 |
_aCuentos dominicanos _9176 |
|
| 650 | 0 |
_aLiteratura dominicana. _967 |
|
| 700 | 1 | 2 |
_aHichez, Magdalena, _epról. _917120 |
| 910 | _aValidado. Control de calidad MMOLINA | ||
| 999 |
_c5876 _d5876 |
||